00477pab a2200157 454500008004000000100002200040245010000062260000900162300001400171362000800185650001900193650002700212650001800239700001900257773004300276180718b2001 xxu||||| |||| 00| 0 eng d aSharma, Baldev R. aDeterminants of organisational commitment in a manufacturing organisation in the private sector c2001 ap.199-216 aOct aPrivate sector aManufacturing industry aOrganizations aJoshi, Rama J. aIndian Journal of Industrial Relations